| 000 | 00985nam a2200253Ia 4500 | ||
|---|---|---|---|
| 003 | OSt | ||
| 005 | 20210416154200.0 | ||
| 008 | 210310s1996 ck gr 000 0 spa d | ||
| 020 | _a9589528236 | ||
| 040 |
_aCO-JMCR _cCO-JMCR |
||
| 041 | 0 | _aspa | |
| 082 | 0 | 4 |
_a382.911729 / _bM357g _223 |
| 110 | 2 |
_aColombia. _bMinisterio de Relaciones Exteriores _93886 |
|
| 245 | 1 | 3 |
_aEl Grupo de los Tres en el Gran Caribe (seminario internacional) _cMinisterio de relaciones exteriores |
| 260 |
_aBogotá : _bTercer mundo, _c1996. |
||
| 300 |
_a204 páginas ; _c23 cm. |
||
| 490 | _aCoyuntura | ||
| 500 | _a0 | ||
| 505 | 0 | _aLa asociación de Estados del Caribe y la integración hemisférica. -- Cooperación energética y el pacto de San José. -- Integración cultural. -- Cooperación con Centroamérica y el Caribe en el marco del G-3. | |
| 650 | 1 | 4 |
_aIntegración económica. _925756 |
| 650 | 2 | 4 |
_aLibre comercio. _92688 |
| 650 | 2 | 4 |
_aRelaciones multilaterales _93894 |
| 942 |
_2ddc _cBK |
||
| 999 |
_c11525 _d11525 |
||